| 000 | 00527cam a2200181 4500500 | ||
|---|---|---|---|
| 005 | 20260329004159.0 | ||
| 041 | _afre | ||
| 042 | _adc | ||
| 100 | 1 | 0 |
_aBarton, Adrien _eauthor |
| 245 | 0 | 0 | _aFais-toi mal, Johnny ! |
| 260 | _c2018. | ||
| 500 | _a60 | ||
| 690 | _aAdrien Barton | ||
| 690 | _aDouleur | ||
| 690 | _aJeu | ||
| 786 | 0 | _nPhilosophie magazine | 124 | 11 | 2018-11-01 | p. 70-70 | 1951-1787 | |
| 856 | 4 | 1 | _uhttps://shs.cairn.info/magazine-philosophie-magazine-2018-11-page-70?lang=fr&redirect-ssocas=7080 |
| 999 |
_c1831481 _d1831481 |
||